000 00391nam a22001217a 4500
040 _cRUA
082 _aACI BOB 2009 C160 Or.
100 _aBOB MARTIN, បប់ ម៉ាទីន & DEBOAH WHITE, ដេបូរ៉ា វ៉ាយ,
245 _aយ៉ូរ៉ានី និងស្រឹងបៃតង
260 _aPHNOM PENH
_bRUA
_c2009
300 _a47p.
_bill.
_c25cm,
942 _cKB
999 _c25530
_d25530